LEADER 00995cam0-22003371i-450- 001 990004387990403321 005 20120110104749.0 010 $a88-420-6455-6 035 $a000438799 035 $aFED01000438799 035 $a(Aleph)000438799FED01 035 $a000438799 100 $a19990604d2001----km-y0itay50------ba 101 0 $aita 102 $aIT 105 $aa-------001yy 200 1 $a<>secolo delle donne$el'Italia del Novecento al femminile$fElena Doni, Manuela Fugenzi 210 $aRoma ; Bari$cLaterza$d2001 215 $aIX, 233 p.$cill.$d21 cm 225 1 $a<>Robinson$iLetture 610 0 $aDonna$aPosizione sociale$aItalia$aSec.20. 676 $a305.420945$v21$zita 700 1$aDoni,$bElena$0176454 701 1$aFugenzi,$bManuela$0176455 801 0$aIT$bUNINA$gREICAT$2UNIMARC 901 $aBK 912 $a990004387990403321 952 $a305.42 DON 1$bBibl.46979$fFLFBC 959 $aFLFBC 996 $aSecolo delle donne$9542806 997 $aUNINA LEADER 01037nam a2200289 i 4500 001 991003697949707536 005 20021220115354.0 008 020111s2001 us ||| | eng 020 $a0387989498 035 $ab11849782-39ule_inst 035 $aLE01313596$9ExL 040 $aDip.to Matematica$beng 082 0 $a510.9 084 $aAMS 00A99 100 1 $aWilson, Robin James$054496 245 10$aStamping through mathematics /$cRobin J. Wilson 260 $aNew York :$bSpringer-Verlag,$cc2001 300 $avii, 126 p. :$bill. (some col.) ;$c27 cm. 500 $aIncludes bibliographical references (p. 120) and index 650 4$aMathematics-history 650 4$aMathematics on postage stamps 907 $a.b11849782$b21-09-06$c20-12-02 912 $a991003697949707536 945 $aLE013 00A99 WIL11 (2001)$g1$i2013000132921$lle013$o-$pE0.00$q-$rl$s- $t0$u1$v0$w1$x0$y.i12102337$z20-12-02 996 $aStamping through mathematics$9899918 997 $aUNISALENTO 998 $ale013$b01-01-02$cm$da $e-$feng$gus $h0$i1